Vật lí 12 nâng cao

Sách gồm 10 chương trình bày động lực học vật rắn, dao động cơ, sóng cơ, dao động và sóng điện từ, dòng điện xoay chiều, ...

Đã lưu trong:
书目详细资料
主要作者: Nguyễn, Thế Khôi
格式: 图书
语言:Undetermined
出版: Hà Nội Giáo dục Việt Nam 2016
主题:
标签: 添加标签
没有标签, 成为第一个标记此记录!
Thư viện lưu trữ: Trung tâm Học liệu Trường Đại học Cần Thơ
LEADER 01262nam a2200253Ia 4500
001 CTU_216593
008 210402s9999 xx 000 0 und d
020 |c 18500 
082 |a 530.0712 
082 |b Kh452 
100 |a Nguyễn, Thế Khôi 
245 0 |a Vật lí 12 nâng cao 
245 0 |c Nguyễn Thế Khôi (Tổng chủ biên) 
260 |a Hà Nội 
260 |b Giáo dục Việt Nam 
260 |c 2016 
520 |a Sách gồm 10 chương trình bày động lực học vật rắn, dao động cơ, sóng cơ, dao động và sóng điện từ, dòng điện xoay chiều, ... 
526 |a Giáo dục môi trường trong dạy học Vật lý,Phương pháp giảng dạy thí nghiệm vật lý phổ thông,Phát triển chương trình giáo dục Toán và Khoa học tự nhiên,Phương pháp giảng dạy thí nghiệm vật lý phổ thông 
526 |b SG166,SG132,SG431,SG132 
650 |a Physics,Vật lí 
650 |x Study and teaching (Secondary),Dạy và học (Trung học) 
650 |y javascript:ClientSaveDataFixBar(); 
904 |i Hải 
980 |a Trung tâm Học liệu Trường Đại học Cần Thơ